El camino de la paz: una visión cristiana

Saved in:
Bibliografiske detaljer
Hovedforfatter: Pikaza Ibarrondo, Xabier (Author)
Format: Bog
Sprog:spansk
Udgivet: Madrid Ediciones Khaf 2010
Udgivelse:1a. ed
Fag:
Tags: Tilføj Tag
Ingen Tags, Vær først til at tagge denne postø!

MARC

LEADER 00000cam a2200000 a 4500
001 UCC1197
003 CL-VaPUC
008 171006e20100000sp |||||||||||||||||spa|d
020 |a 9788493761523 
082 0 4 |a 261.1  |b PIK  |2 21 
100 0 |a Pikaza Ibarrondo, Xabier  |e author  |9 595242 
245 1 3 |a El camino de la paz: una visión cristiana 
250 |a 1a. ed 
300 |a 336 p 
942 |c BK 
945 |d 20171006 11:09:00  |a arojas 
260 |a Madrid  |b Ediciones Khaf  |c 2010 
600 0 |a Jesús  |9 313614 
650 7 |a IGLESIA Y SOCIEDAD  |2 CL-VaPUC  |9 399674 
650 0 |a Paz  |9 259242 
650 0 |a Cristianismo  |9 257361 
583 |a last modification  |c 20171006 11:09:00  |k Rodrigo Vera 
999 |c 369765  |d 369763 
952 |0 0  |1 0  |3 erb  |4 0  |6 261_100000000000000_PIK_2010  |7 0  |8 A  |9 485853  |a BIBTEO  |b BIBTEO  |i 542755K  |l 1  |o 261.1 PIK 2010  |p 542755K  |r 2025-01-17  |s 2022-08-30  |w 2019-11-24  |y BK  |z Catalogado en:20171006  |k ICR